| Tag |
First Indicator |
Second Indicator |
Subfields |
| LEADER |
00000cam a22000001a 4500 |
| 001 |
in00003300713 |
| 006 |
m d f |
| 007 |
cr bn mmmapmmp |
| 008 |
101207s2005 dcu o f000 0 eng d |
| 005 |
20260430202146.0 |
| 035 |
|
|
|a cis2007852069
|
| 040 |
|
|
|a ProQuest
|c ProQuest
|d UtOrBLW
|
| 043 |
|
|
|a n-us---
|
| 099 |
|
|
|a CRS-2005-RSI-0588
|
| 110 |
2 |
|
|a Library of Congress.
|b Congressional Research Service.
|
| 245 |
1 |
0 |
|a Spyware :
|b Background and Policy Issues for Congress.
|
| 264 |
|
1 |
|a [Place of publication not identified] :
|b [publisher not identified],
|c 2005.
|
| 300 |
|
|
|a 1 online resource.
|
| 336 |
|
|
|a text
|b txt
|2 rdacontent
|
| 337 |
|
|
|a computer
|b c
|2 rdamedia
|
| 338 |
|
|
|a online resource
|b cr
|2 rdacarrier
|
| 500 |
|
|
|a Record is based on bibliographic data in ProQuest U.S. Congressional Research Digital Collection (last viewed Dec. 2010). Reuse except for individual research requires license from ProQuest, LLC.
|
| 500 |
|
|
|a CRS Report.
|
| 520 |
|
|
|a Provides background on and reviews policy issues related to spyware, a type of software used to collect personal information from an individual's computer without notice or consent, or otherwise gain unauthorized access to an individual's computer. Describes FTC actions and State laws related to spyware. Discusses the debate over the need for Federal spyware legislation, and summarizes spyware-related legislative proposals in the 108th and 109th Congresses.
|
| 500 |
|
|
|a Electronic resource.
|
| 650 |
|
0 |
|a Information services.
|
| 650 |
|
0 |
|a Privacy, Right of.
|
| 650 |
|
0 |
|a Law.
|
| 655 |
|
7 |
|a Electronic books.
|2 local
|
| 710 |
2 |
|
|a ProQuest (Firm)
|
| 776 |
0 |
8 |
|i Microfiche version:
|a Library of Congress. Congressional Research Service.
|t Spyware
|
| 830 |
|
0 |
|a U.S. Congressional Research.
|
| 856 |
4 |
0 |
|u http://proxy.library.tamu.edu/login?url=https://congressional.proquest.com/congcomp/getdoc?CRDC-ID=CRS-2005-RSI-0588
|z Connect to the full text of this electronic book
|t 0
|
| 999 |
|
|
|a MARS
|
| 999 |
f |
f |
|s f30a5b07-8511-34bb-878b-6f568be315b7
|i a877835b-fff4-3278-813b-22e747d00df1
|t 0
|
| 952 |
f |
f |
|a Texas A&M University
|b College Station
|c Electronic Resources
|s www_evans
|d Available Online
|t 0
|e CRS-2005-RSI-0588
|h Other scheme
|
| 998 |
f |
f |
|a CRS-2005-RSI-0588
|t 0
|l Available Online
|